Beyond binaries: a case for self-reflexive sociologies /
Este artículo examina la evolución de las tradiciones sociológicas en la India en el contexto de la colonización, y evalúa su continuación en sus prácticas contemporáneas. Evalúa dos nuevas perspectivas, la indigenización y los estudios postcoloniales, que han surgido para reorganizar estas tradicio...
Guardat en:
| Autor principal: | |
|---|---|
| Format: | Text |
| Matèries: | |
| Etiquetes: |
Afegir etiqueta
Sense etiquetes, Sigues el primer a etiquetar aquest registre!
|
MARC
| LEADER | 00000 a a2200000 04500 | ||
|---|---|---|---|
| 001 | 4747 | ||
| 003 | |||
| 040 | |||
| 100 | |a Patel, Sujata | ||
| 245 | |a Beyond binaries: |b a case for self-reflexive sociologies / |c Sujata Patel | ||
| 500 | |a Resumen también en francés y español en páginas 506-507 | ||
| 520 | |a Este artículo examina la evolución de las tradiciones sociológicas en la India en el contexto de la colonización, y evalúa su continuación en sus prácticas contemporáneas. Evalúa dos nuevas perspectivas, la indigenización y los estudios postcoloniales, que han surgido para reorganizar estas tradiciones | ||
| 650 | |a INDIA | ||
| 650 | |a CIENCIAS SOCIALES | ||
| 650 | |a ANALISIS HISTORICO | ||
| 650 | |a CONOCIMIENTO | ||
| 773 | |g volumen 54, número 3; páginas 381-395 | ||
| 999 | |c 25543 |d 25543 | ||
| 773 | 0 | |0 18701 |9 10515 |d Los Angeles: SAGE Publications |o 00438 |t Current Sociology / |x 00113921 | |
